Language Quiz

Random Language Quiz
Score 0/10 Timer 10:00
0 Plays Today
% Correct
όχι
76.2%
ναι
64.3%
ευχαριστώ
61.9%
γεια σου
59.5%
συγγνώμη
59.5%
καληνύχτα
57.1%
παρακαλώ
54.8%
καλησπέρα
54.8%
γεια σας
52.4%
καλημέρα
50%
Remove Ads.
Support Sporcle.
Get the best of Sporcle when you Go Orange. This ad-free experience offers more features, more stats, and more fun while also helping to support Sporcle. Thank you for becoming a member.

You're not logged in!

Compare scores with friends on all Sporcle quizzes.
OR
Log In

Sporcle TV

Today on Sporcle TV


Watch our educational content, quiz creation guides, and fun videos on Sporcle TV.

Show Comments

Extras

Created Jun 8, 2019ReportNominate
Tags:Greek

Top Quizzes Today


Score Distribution

Paid Content

Your Account Isn't Verified!

In order to create a playlist on Sporcle, you need to verify the email address you used during registration. Go to your Sporcle Settings to finish the process.

Report this User

Report this user for behavior that violates our Community Guidelines.

Details: